000 00455 a2200157 4500
020 _a 000649045X
040 _aDLC
_bDLC
082 _a823.912
100 _aChristie, Agatha.
245 _aThe witness for the prosecution and selected plays
_cChristie, Agatha
260 _aLondon:
_bHarper Collins Publishers,
_c1960
300 _a348 p. ;
_b19 cm.
500 _aIncludes Index
650 _aDetective and mystery stories, English
942 _cBK
_2ddc
999 _c481752
_d481752